| 000 | 00341nam a22001457a 4500 | ||
|---|---|---|---|
| 003 | OSt | ||
| 005 | 20220216103413.0 | ||
| 008 | 220216b |||||||| |||| 00| 0 eng d | ||
| 020 | _a0471596175 | ||
| 040 | _cH U | ||
| 082 | _a629.8043 | ||
| 100 |
_aMerritt Herbert E. _930659 |
||
| 245 | _aHydraulic Control Systems | ||
| 942 |
_2ddc _cBOOKS _n0 |
||
| 999 |
_c30552 _d30552 |
||